LEADER 00971nam a2200217 i 4500 001 000000044972 003 CaOOAMICUS 005 20091104000000.0 008 091104s1968 fr u000 u fre u 013 $a16142 040 $aSeMil$bita 245 10$aAu service de la parole de Dieu :$bmélanges offerts à Monseigneur André-Marie Charue. 260 $aGembloux :$bJ. Duculot,$c1968. 300 $axx, 546 p. :$b[1] ritr. ;$c25 cm. 500 $aSaggi di vari. - Bibliographie di Mgr. A.-M. Charue (pp. xv-xx). 650 4$aTeologia - Saggi.$0(OLS)http://semarc/subject/231 700 1 $aCharue, André-Marie .$0(OLS)http://semarc/name/14472 850 $aSeMil 852 $aSeMil$W1$xVenegono$y1$m2B V 174$j11127$B11127$CSeMilBibl$Z2$F11127 $81 996 $6245$aAu service de la parole de Dieu :$bmélanges offerts à Monseigneur André-Marie Charue$9(OLS)http://semarc/title/66727 996 $6260$aGembloux :$bJ. Duculot$9(OLS)http://semarc/publisher/29655 LEADER 00590nam a2200169 i 4500 001 000000049126 003 CaOOAMICUS 005 20121115000000.0 008 121115s1896 xx u000 u lat u 013 $a20296 040 $aSeMil$bita 245 10$aProlegomena. 300 $a448 p. 773 0 $aD'Annibale, Giuseppe <1815-1892>$tSummula theologiae moralis.$bEd. 4.$dRomae : Ex Typographia Polyglotta, 1896-1897.$gPars1$w()27681 850 $aSeMil 852 $aSeMil$W1$xVenegono$y1$m2E II 9 FA$j15281$B15281$CSeMilBibl$Z2$F15281 $8I 996 $6245$aProlegomena$9(OLS)http://semarc/title/46491